| 000 | 00717nam a22001817a 4500 | ||
|---|---|---|---|
| 003 | AUA.1 | ||
| 005 | 20251105101931.0 | ||
| 008 | 250630b |||||||| |||| 00| 0 eng d | ||
| 040 | _cJTL | ||
| 100 | _aOgwal, Okello Robinso | ||
| 245 |
_aModelling a biblical based strategy to reduce number of Adventist young people marrying non-Adventists in Amolatar District of Northern Uganda Field / _cOkello Robinso Ogwal. |
||
| 260 | _cc2024 | ||
| 300 |
_aix, 77 leaves : _bIllustrations : _c30cm. |
||
| 610 |
_aSeventh-day Adventist Church _bNothern Uganda Field _xAmolatar District |
||
| 650 | _aInterfaith marriage | ||
| 650 | _aInterfaith marriage in the Bible | ||
| 942 |
_2aua _cPROJECT _hMA PTh _i.O39 2024 |
||
| 999 |
_c25108 _d25108 |
||